000 00783nam2a22002771 4500
001 RU\NLR\INFOCOMM33\1000065679
005 20250617163143.0
035 _a(NLR Aleph) 002779068
090 _a2388534
_c2388534
100 _a20040416d1928 |||y0rusy50 ca
101 0 _arus
102 _aRU
105 _ay |||||||||
200 1 _aУсловия использования кузнецких углей в 1927 г.
_fН.Я. Курбатов
210 _d1928
_aБ. м.
225 1 _a...
_vВып.99
_i...
_v№3
461 0 _12001#$vВып.99
462 0 _12001#$v№3
700 1 _aКурбатов
_bН.Я.
_4070
801 1 _aRU
_bInfoComm
_c20040416
801 0 _aRU
_bNLR
_gPSBO
852 _aNLR
_j37.76.8.8
942 _cISSUE
980 _aNB
980 _aRUSPER